NBA Basketteurs celebres et leurs explois - Statistiques

Statistiques générales
  • Ce quiz a été pris 395 fois
  • Le résultat moyen est 12 sur 15
Statistiques - réponses
Question Réponse % Correct
Lequel de ces joueur est mort dans un accident d’hélicoptère ? Kobe Bryant
97%
Laquelle de ces ville ne possède pas d'équipe en NBA ? Santa Fe
97%
Que signifie NBA ? National Basketball Association
92%
Comment se nomme le stade des NY Knicks ? Madison Square Garden
91%
Comment se nomme le directeur de la NBA ? Adam Silver
90%
Lequel de ces joueur s'est blessé pendant la final des playoffs 2024-2025 ? Tyrese Haliburton
90%
Quelle franchise NBA a récolté le plus de titres ? Boston Celtics
85%
Lequel de ces joueur est le plus titré de toute l'histoire de la NBA ? Bill Russell
82%
Combien de franchises compte la NBA ? 30
81%
Lequel de ces joueur a été nommé MVP de la saison 2011 ? Derrick Rose
78%
Pourquoi le numéro 6 est banni des maillots des joueurs des Lakers ? En homage à Bill Russell
77%
Qui détient le record All-time du nombre de point marqués en saison régulière ? Lebron James
70%
Quel fut le joueur le plus jeune de la NBA, All-Time ? Andrew Bynum
61%
Quel est le joueur le plus vieux de la NBA, All-Time ? Nat Hickey
42%
Quelle est le date de la création de la NBA ? 6 juin 1946
39%
Aucun quiz correspondant
Distribution des résultats
% des personnes avec chaque résultat
Percentile par nombre de réponses
Votre historique - résultats
Vous n’avez pas pris ce quiz